Pyridoxín (vitamín B6)

Bibliographic Details
Main Author: Stanko, Peter, 1975- (Author)
Format: Article
Language:Slovak

MARC

LEADER 00000nab a2200000 a 4500
001 vtls010707968
003 SK-MaSNL
005 20260304192534.0
008 250709s2008 xo |||||||||||||||||slo|
035 |a (urnnbn)urn:nbn:sk:snk:ar-a042xf 
035 |a (uuid)7ea383bc-0d3b-486f-bd68-0d8a76ab681a 
035 |a urn:nbn:sk:snk-ab3bxj 
040 |a SNKBUCL  |b slo  |c SNKBUCL  |e AACR2 
041 0 |a slo 
044 |a xo  |c SK 
100 1 |a Stanko, Peter,  |d 1975-  |4 aut  |9 196739 
245 1 0 |a Pyridoxín (vitamín B6)  |c Peter Stanko 
773 0 |t Lekárnické listy : odborno-informačný časopis Slovenskej lekárnickej komory  |g Roč. 10, č. 10 (2008), s. 10 
850 |a Slovenská národná knižnica 
852 |a Slovenská národná knižnica 
954 |a odborná, vedecká literatúra pôvodná (slovenská)  |2 lita 
958 |a article1 
958 |a OND 
958 |a EUIPO 
999 |c 3062607  |d 3064537